Fr. Conceicao Rodrigues College of Engineering

8051 Microcontroller and embedded system (Record no. 18302)

MARC details
000 -LEADER
fixed length control field 00375nam a2200169Ia 4500
082 ## - DEWEY DECIMAL CLASSIFICATION NUMBER
Classification number 4.65
Item number MAZ
100 ## - MAIN ENTRY--PERSONAL NAME
Personal name Mazidi/M.A
250 ## - EDITION STATEMENT
Edition statement 2
245 ## - TITLE STATEMENT
Title 8051 Microcontroller and embedded system
260 ## - PUBLICATION, DISTRIBUTION, ETC.
Name of publisher, distributor, etc. Pearson Education
Date of publication, distribution, etc. 2008
366 ## - TRADE AVAILABILITY INFORMATION
Publishers's discount category 25
300 ## - PHYSICAL DESCRIPTION
Extent 547
546 ## - LANGUAGE NOTE
Language note ENGLISH
-- TTL
650 ## - SUBJECT ADDED ENTRY--TOPICAL TERM
Topical term or geographic name entry element Microcontroller
654 ## - SUBJECT ADDED ENTRY--FACETED TOPICAL TERMS
Focus term microcontroller
942 ## - ADDED ENTRY ELEMENTS (KOHA)
Koha item type BOOK
Holdings
Withdrawn status Lost status Damaged status Not for loan Collection Home library Current library Date acquired Source of acquisition Cost, normal purchase price Inventory number Total Checkouts Full call number Barcode Date due Date last seen Date last checked out Cost, replacement price Price effective from Koha item type
        CRC Fr. Agnel's C.Rodrigues College of Engineering Fr. Agnel's C.Rodrigues- College of Engineering 17/03/2023 Allied Publishers 288.75 354 dt 30/04/2010 1 4.65 MAZ 20653 23/08/2012 12/06/2023 12/06/2023 385.00   BOOK